| 000 -LEADER |
| fixed length control field |
00724nam a22001097a 4500 |
| 008 - FIXED-LENGTH DATA ELEMENTS--GENERAL INFORMATION |
| fixed length control field |
150914b xxu||||| |||| 00| 0 eng d |
| 100 ## - MAIN ENTRY--AUTHOR'S NAME |
| Author's Name |
Sluyter, Hans-Walter |
| 245 ## - TITLE STATEMENT |
| Title |
OPD Leipzig |
| 260 ## - PUBLICATION, DISTRIBUTION, ETC. (IMPRINT) |
| Place of publication, distribution, etc. |
Berlin, Germany |
| Name of publisher, distributor, etc. |
Offsetdruckerei Gerhard Weinert GmbH |
| Date of publication, distribution, etc. |
1995 |
| 500 ## - GENERAL NOTE |
| Materials specified |
Text in German: Regional Directorate of Posts Leipzig. Cover title |
| 650 ## - TOPICAL TERM (Tag) |
| Topical term or geographic name |
Allied Occupation | Germany | West Saxony | Leipzig (District) | OPD Leipzig | Germany, East (1945-1990) | Russia | Occupation of West Saxony | Occupation of Germany | Locals and Private Posts | Occupation Issues | Provisionals and Forerunners | 1945 | 1946 | 1945-1946 | Errors and and Varieties | Plates and Plating | Production | Post World War II | Catalogs and Price Lists |